| 000 | 01099nam a2200241 a 4500 | ||
|---|---|---|---|
| 003 | DLC | ||
| 005 | 20250819114802.0 | ||
| 008 | 250819b1976 cn|qr|p|r|||| 00| 0 spa d | ||
| 022 | _a0380-2361 | ||
| 035 | _aUPN01000059695 | ||
| 040 |
_aMX-MxUPN _bspa _cMX-MxUPN _eaacr2 |
||
| 245 | 0 | 0 | _aCanadian journal of education = Revue canadienne de l'éducation |
| 260 |
_aOtawa, Canadá : _bCanadian Society for the Study ofEducation, _c1976- |
||
| 310 | _aTrimestral | ||
| 510 | _aEducational Research Abstracts | ||
| 510 | _aEbsco | ||
| 510 | _a PsycINFO. | ||
| 520 | 1 | _aEs una publicación que prioriza la investigación y la producción académica relevante para la comunidad educativa canadiense. La revista es leída por académicos de todo el mundo y su objetivo es representar las valiosas contribuciones que los académicos canadienses en educación continúan realizando en el campo. La revista acepta y publica artículos y reseñas de libros tanto en francés como en inglés. | |
| 650 | 4 |
_aEducación _9682 |
|
| 902 | _aGloria Jiménez/190825 | ||
| 905 | _aRevista | ||
| 942 | _cREV-I | ||
| 999 |
_c59617 _d59617 |
||